000 00632nam a2200241 a 4500
001 nice12345678
003 IN_TiNIC
005 20260116011711.0
008 050524s1987 bana grp 000 0 eng
020 _a
_c15
082 0 0 _a291.172
_bAYK
100 _aAykara, Thomas A
245 _aMeeting of Religions
_b New Orientations and Perspectives.
260 _aBangalore
_bDharmaram Publications
_c1987
300 _a185p
500 _aincludes index and biblioraphy
505 2 _aIndex
650 _aReconciliation-Interfaith Dialogue
700 1 _aAykara, Thomas A
902 _bSRS
942 _cBK
999 _c3464
_d3464